Measurement systems : application and design

Bibliographic Details
Main Author: Deebelin, Ernest O.
Format: Book
Language:English
Published: New York : McGraw-Hill , c1990
Edition:Fourth Edition
Subjects:

MARC

LEADER 00000cam a2200000 7i4500
001 0000010686
005 20230531.0
008 030530 nyu eng
020 |a 0070173389 (pbk) 
040 |a INS 
090 0 0 |a QC100.5   |b .D63 1990 
100 1 |a Deebelin, Ernest O. 
245 1 0 |a Measurement systems :   |b application and design   |c Ernest O. Deebelin 
250 |a Fourth Edition 
260 |a New York :   |b McGraw-Hill ,   |c c1990 
300 |a xxii, 960 p. :   |b ill. ;   |c 24 cm. 
500 |a Includes index 
650 0 |a Measuring instruments 
650 0 |a Physical measurements 
999 |a 0000009742   |b BOOK   |c Open Shelf   |e Default branch